母音で市・区・町(人口5万人以上10万人未満) - Statistics

General Stats
  • This quiz has been taken 11 times
  • The average score is 172 of 237
Answer Stats
都道府県 母音 人口(人) 市区町 % Correct
神奈川県 イエアア 99,816 伊勢原市
100%
岐阜県 アイ 99,779 可児市
100%
長崎県 オオウア 99,694 大村市
100%
大阪府 イウイアオ 99,318 泉佐野市
100%
鹿児島県 アオア 98,626 鹿屋市
100%
愛知県 オウアン 98,124 江南市
100%
大阪府 アアイアアオ 97,912 河内長野市
100%
長野県 アウ 97,380 佐久市
100%
北海道 イオエ 97,355 千歳市
100%
福岡県 ウアアア 96,869 宗像市
100%
千葉県 オウアイオウ 96,424 四街道市
100%
長野県 アウイオ 95,868 安曇野市
100%
岡山県 ウアア 95,030 津山市
100%
長野県 イイア 94,944 飯田市
100%
愛知県 イッイン 94,207 日進市
100%
兵庫県 アイア 94,007 芦屋市
100%
山形県 アアア 93,924 酒田市
100%
東京都 イアイ 93,916 稲城市
100%
愛知県 オオウ 93,014 大府市
100%
新潟県 イアア 91,677 新発田市
100%
埼玉県 イアイアウアア 91,256 東松山市
100%
新潟県 アンオウ 91,178 三条市
100%
鹿児島県 アウアエンアイ 90,536 薩摩川内市
100%
福井県 アアイ 88,430 坂井市
100%
愛知県 アア 88,393 あま市
100%
静岡県 ウウオイ 87,941 袋井市
100%
広島県 イアア 87,075 三原市
100%
東京都 イアイアアオ 84,996 東大和市
100%
三重県 イア 84,603 伊賀市
100%
神奈川県 アアエ 83,952 綾瀬市
100%
岐阜県 エイ 83,930 関市
100%
京都府 アアオアオウ 82,218 長岡京市
100%
大阪府 アイウア 81,420 貝塚市
100%
秋田県 オオエ 80,777 横手市
100%
宮城県 アオイ 79,792 名取市
100%
埼玉県 アンオウ 77,963 飯能市
100%
埼玉県 オンオウ 76,783 本庄市
100%
新潟県 アイアアイ 76,217 柏崎市
100%
北海道 ウオアン 74,855 室蘭市
100%
山形県 オエアア 74,629 米沢市
100%
佐賀県 オウ 74,529 鳥栖市
100%
大阪府 イウイオオウ 72,762 泉大津市
100%
京都府 オウアアエ 72,011 京田辺市
100%
茨城県 イウエイ 99,804 筑西市
88%
埼玉県 アアオ 99,632 坂戸市
88%
栃木県 アウア 92,895 鹿沼市
88%
岩手県 イアアイ 91,090 北上市
88%
岩手県 アアアイ 89,867 花巻市
88%
滋賀県 オウア 87,729 甲賀市
88%
兵庫県 アアアオ 86,511 高砂市
88%
大阪府 エッウ 86,344 摂津市
88%
京都府 アエオア 86,209 亀岡市
88%
千葉県 オアア 85,861 茂原市
88%
愛知県 イアアオア 85,843 北名古屋市
88%
静岡県 オエンア 83,487 御殿場市
88%
奈良県 アアオオオイアア 82,598 大和郡山市
88%
岐阜県 アアアア 82,486 高山市
88%
東京都 オアエ 82,048 狛江市
88%
滋賀県 オウイアイアン 81,942 近江八幡市
88%
大分県 アアウ 81,524 中津市
88%
愛媛県 イオウウウオウ 80,965 四国中央市
88%
福井県 エイエン 80,418 越前市
88%
千葉県 イイウ 79,520 君津市
88%
京都府 イウアア 79,339 木津川市
88%
愛知県 アアオオイ 77,535 蒲郡市
88%
埼玉県 アアイ 76,342 蕨市
88%
新潟県 ウアエ 75,935 燕市
88%
栃木県 イッオウ 75,281 日光市
88%
京都府 ウウイアア 74,540 福知山市
88%
三重県 アアイ 74,229 名張市
88%
秋田県 アイエン 73,794 大仙市
88%
群馬県 アエアアイ 73,667 館林市
88%
岐阜県 アアウアア 73,535 中津川市
88%
京都府 オウオウ 73,321 城陽市
88%
兵庫県 イイ 73,091 三木市
88%
福島県 ウアアア 72,918 須賀川市
88%
福岡県 ウウアイ 72,254 行橋市
88%
愛知県 エイアン 72,242 碧南市
88%
群馬県 イウアア 72,090 渋川市
88%
熊本県 アアウア 71,920 天草市
88%
宮城県 オエ 71,919 登米市
88%
福岡県 アアイウ 71,566 太宰府市
88%
東京都 ウアイウアアア 70,696 武蔵村山市
88%
北海道 エイア 70,446 恵庭市
88%
秋田県 ウイオンオウ 70,409 由利本荘市
88%
和歌山県 アアエ 67,316 田辺市
88%
山梨県 ウエウイ 66,857 笛吹市
88%
埼玉県 イイウ 57,212 秩父市
88%
静岡県 イアア 94,747 島田市
75%
茨城県 アイウ 93,786 神栖市
75%
埼玉県 アイオ 93,655 八潮市
75%
富山県 イイウ 90,184 射水市
75%
滋賀県 オイアア 85,881 守山市
75%
埼玉県 アオウ 84,890 和光市
75%
愛知県 オアイアアイ 83,782 尾張旭市
75%
愛知県 イア 83,017 知多市
75%
東京都 アイウオ 79,244 あきる野市
75%
栃木県 オオア 78,284 真岡市
75%
鹿児島県 アイア 78,123 姶良市
75%
大阪府 アアオ 77,191 交野市
75%
山梨県 アイ 76,370 甲斐市
75%
京都府 アイウウ 75,322 舞鶴市
75%
兵庫県 オオオア 75,177 豊岡市
75%
茨城県 ウウアアイ 74,917 龍ケ崎市
75%
北海道 イアイアア 74,204 岩見沢市
75%
埼玉県 オエアア 74,172 桶川市
75%
愛知県 イウウ 72,646 知立市
75%
埼玉県 オイアア 72,396 吉川市
75%
兵庫県 アウオ 72,271 たつの市
75%
山梨県 イアイアウウウ 71,726 南アルプス市
75%
茨城県 イイオア 69,937 石岡市
75%
埼玉県 ウウアイア 69,836 鶴ヶ島市
75%
岡山県 オウア 69,625 総社市
75%
京都府 アアア 68,598 八幡市
75%
栃木県 オオアアア 68,053 大田原市
75%
愛媛県 ウアイア 66,981 宇和島市
75%
千葉県 オエアウア 66,091 袖ケ浦市
75%
秋田県 オオアエ 65,492 大館市
75%
大分県 アイイ 64,450 佐伯市
75%
福井県 ウウア 62,382 敦賀市
75%
千葉県 イオイ 62,218 白井市
75%
山形県 エンオウ 60,204 天童市
75%
山口県 アンオウオオア 58,871 山陽小野田市
75%
和歌山県 アイオオ 58,792 橋本市
75%
大阪府 エンアン 58,145 泉南市
75%
大阪府 オオアアアアア 57,746 大阪狭山市
75%
千葉県 オウアエ 56,524 東金市
75%
千葉県 オウイ 53,986 銚子市
75%
茨城県 ウウアイアイ 53,503 つくばみらい市
75%
茨城県 ウイウ 83,820 牛久市
63%
奈良県 アイア 78,324 香芝市
63%
埼玉県 オウア 77,854 行田市
63%
埼玉県 イイ 76,153 志木市
63%
東京都 イオエ 75,011 清瀬市
63%
茨城県 オイア 70,900 守谷市
63%
滋賀県 イッオウ 70,412 栗東市
63%
福岡県 ウウウ 69,201 福津市
63%
福井県 アアエ 68,302 鯖江市
63%
徳島県 アアン 67,946 阿南市
63%
大阪府 アイアア 66,500 柏原市
63%
沖縄県 オイウウウ 65,889 豊見城市
63%
埼玉県 イアオオ 65,274 北本市
63%
茨城県 アイア 65,217 鹿嶋市
63%
沖縄県 アオ 64,734 名護市
63%
静岡県 イオウ 64,438 伊東市
63%
熊本県 アアア 62,582 玉名市
63%
大阪府 ウイイエア 62,304 藤井寺市
63%
沖縄県 イオアン 62,250 糸満市
63%
奈良県 アアオアアア 61,818 大和高田市
63%
石川県 アア 61,703 加賀市
63%
宮城県 アアオウ 61,628 多賀城市
63%
群馬県 ウイオア 61,551 藤岡市
63%
福岡県 アアアア 61,536 柳川市
63%
愛知県 アアウエ 61,512 長久手市
63%
埼玉県 アウア 61,111 蓮田市
63%
奈良県 エンイ 60,686 天理市
63%
宮城県 ウイアア 60,518 栗原市
63%
愛知県 アイアイ 60,457 愛西市
63%
大分県 イア 60,207 日田市
63%
兵庫県 アンア 60,033 丹波市
63%
栃木県 イオウエ 59,728 下野市
63%
福岡県 アエ 59,544 八女市
63%
福岡県 オア 59,184 古賀市
63%
和歌山県 イオアア 58,920 紀の川市
63%
愛知県 アアア 58,270 田原市
63%
宮崎県 ウウア 57,847 日向市
63%
神奈川県 ウイ 57,827 逗子市
63%
岐阜県 イオアオ 57,595 美濃加茂市
63%
青森県 オアア 57,361 十和田市
63%
静岡県 オアイ 57,216 湖西市
63%
福島県 イアアア 57,085 白河市
63%
東京都 ウッア 56,582 福生市
63%
北海道 イアイオイア 56,495 北広島市
63%
香川県 アンオンイ 56,361 観音寺市
63%
岐阜県 オイ 54,243 土岐市
63%
長野県 イオ 54,066 茅野市
63%
滋賀県 オアン 54,065 湖南市
63%
和歌山県 イアエ 53,900 岩出市
63%
埼玉県 アウウ 53,696 羽生市
63%
宮城県 オイア 52,452 富谷市
63%
埼玉県 イアオア 52,404 白岡市
63%
大分県 ウア 51,972 宇佐市
63%
鹿児島県 イウイ 51,405 出水市
63%
福島県 イオンアウ 50,358 二本松市
63%
大阪府 アンアン 50,080 阪南市
63%
福岡県 アアウア 50,024 朝倉市
63%
東京都 ウイアイ 76,079 国立市
50%
茨城県 アアア 72,567 笠間市
50%
愛知県 イウアア 71,334 犬山市
50%
千葉県 アオイ 69,575 香取市
50%
東京都 イオア 68,835 千代田区
50%
愛知県 オオアエ 67,902 豊明市
50%
岐阜県 アイア 66,517 羽島市
50%
長野県 イオイイ 65,205 塩尻市
50%
長野県 イア 64,901 伊那市
50%
千葉県 アアイ 61,986 旭市
50%
愛知県 イオイ 61,408 みよし市
50%
茨城県 オウオウ 60,596 常総市
50%
香川県 イオオ 60,480 三豊市
50%
長野県 イウア 58,845 千曲市
50%
愛知県 オオアエ 58,662 常滑市
50%
山口県 ウアアウ 56,637 下松市
50%
熊本県 ウイ 56,356 宇城市
50%
宮城県 エエンウア 56,300 気仙沼市
50%
京都府 ウオウ 56,186 向日市
50%
福島県 アエ 55,997 伊達市
50%
大阪府 アアイイ 55,968 高石市
50%
福島県 イアイオウア 55,774 南相馬市
50%
沖縄県 イアオイア 55,656 宮古島市
50%
石川県 オオイイ 54,583 野々市市
50%
岩手県 アイアア 54,413 滝沢市
50%
埼玉県 イアア 54,192 日高市
50%
大阪府 イオウアアエ 53,749 四條畷市
50%
新潟県 ウアアイ 53,492 村上市
50%
徳島県 アウオ 53,240 鳴門市
50%
茨城県 アア 53,167 那珂市
50%
新潟県 イアイウオウア 52,376 南魚沼市
50%
茨城県 アンオウ 52,143 坂東市
50%
佐賀県 イアイ 51,664 伊万里市
50%
青森県 ウウ 51,606 むつ市
50%
滋賀県 アウ 50,607 野洲市
50%
愛知県 イオウ 68,707 清須市
38%
熊本県 オウイ 65,160 合志市
38%
愛知県 ウイア 59,566 津島市
38%
福岡県 オオオイ 59,509 小郡市
38%
北海道 イイアイ 57,143 石狩市
38%
岐阜県 イウオ 56,343 瑞穂市
38%
福岡県 オオアア 54,838 直方市
38%
奈良県 アウアイ 54,272 桜井市
38%
岡山県 アアオ 54,130 玉野市
38%
東京都 アウア 54,126 羽村市
38%
群馬県 アンアア 53,790 安中市
38%
京都府 オウアンオ 50,042 京丹後市
38%
千葉県 アイアア 66,631 八街市
25%
広島県 ウウウ 52,074 府中町
25%
宮城県 イオアア 51,726 塩竈市
25%
愛知県 イアイウア 50,029 東浦町
25%
No matching quizzes found
Score Distribution
Percent of People with Each Score
Percentile by Number Answered
Your Score History
You have not taken this quiz